[Event "Vienna op"]
[Site "Vienna"]
[Date "1995.??.??"]
[Round "3"]
[White "Tolnai, Tibor"]
[Black "Gaertner, Guntram"]
[Result "1/2-1/2"]
[WhiteElo "2455"]
[BlackElo "2285"]

1.e4 c5 2.Nf3 e6 3.d4 cxd4 4.Nxd4 a6 5.Nc3 b5 6.Bd3 Ne7 7.Bg5 h6 8.Bh4 Qb6
9.Nb3 Ng6 10.Bg3 Be7 11.e5 Nc6 12.Qh5 O-O 13.O-O-O Bg5+ 14.Kb1 Ncxe5 15.h4 Nf4
16.Bxf4 Bxf4 17.Be4 Nc6 18.Nd4 Bb7 19.Nde2 Bc7 20.f4 b4 21.Na4 Qe3 22.Rxd7 Qxe4
23.Rxc7 g6 24.Qc5 Qxe2 25.Rxb7 Rad8 26.a3 Rd1+ 27.Rxd1 Qxd1+ 28.Ka2 Nd4 29.Qd6 bxa3
30.Rb4 axb2 31.Nxb2 Qxc2 32.Qxd4 Qxg2 33.Rb3 Qd5 34.Qxd5 exd5 35.Rd3 Re8
36.Rxd5 Re2 37.Kb3 Rh2 38.Nd3 Rxh4 39.Kc3 Rh3 40.Kc4 Rf3 41.Kd4 Rf1 42.Ke4 Ra1
43.Ne5 Ra4+ 44.Ke3 Ra3+ 45.Ke2 Ra2+ 46.Kf3 Ra3+ 47.Kg4 f5+ 48.Kh4 Ra1 49.Rd6 Rh1+
50.Kg3 g5 51.Rxa6 gxf4+ 52.Kxf4 Rf1+ 53.Kg3 Kg7 54.Rg6+ Kh7 55.Rf6 Kg7 56.Rf7+ Kg8
57.Ra7 Rg1+ 58.Kf4 Rf1+ 59.Nf3 Rf2 60.Rb7 Rf1 61.Rb3 Ra1 62.Rb6 Kg7 63.Kxf5 Ra5+
64.Ne5 Ra7 65.Rg6+ Kh7 66.Rg1 Rg7 67.Rd1 Ra7 68.Nd7  1/2-1/2

[Event "Vienna op"]
[Site "Vienna"]
[Date "1995.??.??"]
[Round "3"]
[White "Szalanczy, Emil"]
[Black "Eingorn, Vereslav S"]
[Result "1/2-1/2"]
[WhiteElo "2420"]
[BlackElo "2600"]

1.e4 c5 2.Nf3 a6 3.Nc3 e6 4.d4 cxd4 5.Nxd4 Qc7 6.Bd3 Nc6 7.Nxc6 bxc6 8.O-O Nf6
9.Kh1 Be7 10.f4 d5 11.Bd2 c5 12.e5 Nd7 13.f5 Nxe5 14.fxe6 Bxe6 15.Bf4 Bd6
16.Bf5 O-O 17.Nxd5 Bxd5 18.Qxd5 Rad8  1/2-1/2

[Event "Vienna op"]
[Site "Vienna"]
[Date "1995.??.??"]
[Round "5"]
[White "Lengyel, Bela"]
[Black "Landa, Konstantin"]
[Result "0-1"]
[WhiteElo "2425"]
[BlackElo "2515"]

1.e4 c5 2.Nf3 e6 3.d4 cxd4 4.Nxd4 a6 5.Nc3 Qc7 6.f4 b5 7.Bd3 Bb7 8.Qe2 Nc6
9.Nb3 Nb4 10.Be3 Nf6 11.O-O Be7 12.a3 Nxd3 13.cxd3 Rc8 14.Rac1 Qb8 15.h3 O-O
16.Qf2 b4 17.axb4 Bxb4 18.Ba7 Qa8 19.Bc5 Bxc5 20.Nxc5 Qa7 21.b4 d6 22.Nb3 Qb8
23.Qd2 Bc6 24.Ne2 Qb6+ 25.Kh2 h6 26.Nbd4 Bd7 27.Ra1 Rc7 28.Ra2 Rb8 29.Nc2 Bc8
30.Rf3 Bb7 31.Rf1 Nd7 32.Ne3 Nf6 33.Rfa1 Rbc8 34.Rb2 Qb5 35.Ra5 Qd7 36.Rc2 Rxc2
37.Nxc2 Qc7 38.Ne3 Nd7 39.Kg1 Qb6 40.Kf1 Nf6 41.Ra2 Rc6 42.Ke1 e5 43.fxe5 dxe5
44.Rc2 Rd6 45.Nc4 Nxe4 46.Nxb6 Nxd2 47.Na4 Nb3 48.Nc5 Nxc5 49.bxc5 Rxd3 50.c6 Bc8
51.Rb2 Rd6 52.Rb6 Kf8 53.Nc3 Ke7 54.Rb8 Kd8 55.Ra8 f5 56.g3 g6  0-1

[Event "Vienna op"]
[Site "Vienna"]
[Date "1995.??.??"]
[Round "9"]
[White "Tolnai, Tibor"]
[Black "Eingorn, Vereslav S"]
[Result "0-1"]
[WhiteElo "2455"]
[BlackElo "2600"]

1.e4 c5 2.Nf3 a6 3.Nc3 e6 4.d4 cxd4 5.Nxd4 Qc7 6.f4 b5 7.Bd3 Bb7 8.Qf3 Nf6
9.Be3 Nc6 10.g4 h5 11.g5 Ng4 12.Bg1 Nxd4 13.Bxd4 e5 14.fxe5 Bc5 15.e6 dxe6
16.Bxg7 Rg8 17.Bf6 Nxf6 18.gxf6 Qe5 19.O-O-O Bd4 20.Rdf1 Rg6 21.Nd1 O-O-O
22.Kb1 Rdg8 23.c3 Bb6 24.Bc2 Rg2 25.Nf2 h4 26.a3 h3 27.Nd3 Qxe4 28.Qxe4 Bxe4
29.Rf4 Re2 30.Rd1 Rgg2 31.Ka1 Bxd3 32.Bxd3 Rxb2 33.Bb1 Rb3  0-1

[Event "CUB-ch sf"]
[Site "Villa Clara"]
[Date "1995.??.??"]
[Round "6"]
[White "Castella, Fausto"]
[Black "Cruz Lima, Jose M"]
[Result "1/2-1/2"]
[WhiteElo "2285"]
[BlackElo "2270"]

1.e4 c5 2.Nf3 e6 3.d4 cxd4 4.Nxd4 a6 5.Nc3 Qc7 6.Be2 Nf6 7.O-O Be7 8.f4 d6
9.Qe1 Nc6 10.Be3 O-O 11.Kh1 Bd7 12.Qg3 d5 13.exd5 exd5 14.Bf3 Qd6 15.Nb3 Rfe8
16.Rad1 Be6 17.Rd2 Qc7 18.a3 Na5 19.Bxd5 Bxd5 20.Nxd5 Nxd5 21.Rxd5 Qc4 22.Rfd1 Nxb3
23.cxb3 Qxb3 24.R5d3 Qb5 25.Bd4 Bf8 26.Bc3 Rad8 27.h3 Rxd3 28.Qxd3 Qxd3 29.Rxd3 Bc5
30.f5 f6 31.Rd5 Rc8 32.a4 Rc7 33.g4 Be7 34.Kg2 Kf7 35.Kf3 Ke8 36.g5 Rc4 37.gxf6 gxf6
38.Rd4 Rxd4 39.Bxd4 Kd7 40.Ke4 Kd6  1/2-1/2

[Event "POL-ch (Women)"]
[Site "Warsaw"]
[Date "1995.??.??"]
[Round "7"]
[White "Grabarska, Barbara"]
[Black "Guzkowska, Magdalena"]
[Result "0-1"]
[WhiteElo "2155"]
[BlackElo "2155"]

1.e4 c5 2.Nf3 e6 3.d4 cxd4 4.Nxd4 a6 5.Nc3 Qc7 6.g3 Nf6 7.Bg2 Nc6 8.O-O Be7
9.b3 O-O 10.Bb2 Rd8 11.Re1 Nxd4 12.Qxd4 Bc5 13.Qd2 d6 14.Rad1 e5 15.Na4 Bg4
16.Rc1 h6 17.c4 Rac8 18.h3 Be6 19.Nxc5 dxc5 20.Qe3 Nd7 21.f4 f6 22.Rcd1 Nb8
23.fxe5 fxe5 24.g4 b6 25.g5 hxg5 26.Qxg5 Nc6 27.Rd5 Bxd5 28.exd5 Nd4 29.Rxe5 Qd6
30.Bxd4 cxd4 31.Re7 Qf6 32.Qxf6 gxf6 33.Re4 d3 34.Rd4 Kf7 35.Kf2 Ke7 36.Rxd3 Kd6
37.Be4 b5 38.Rc3 bxc4 39.bxc4 Ke5 40.Bf3 Kd4 41.Re3 Rxc4 42.Re6 Rc2+ 43.Kg3 Rxa2
44.Rxf6 a5 45.h4 a4 46.Ra6 Ra1 47.h5 a3 48.Ra4+ Kc3 49.h6 a2 50.Kf2 Kb3 51.Ra7 Rb1
52.d6 a1=Q  0-1

[Event "Wattens op"]
[Site "Wattens"]
[Date "1995.??.??"]
[Round "?"]
[White "Gruber, Michael"]
[Black "Schmied, Roman"]
[Result "0-1"]
[WhiteElo "1650"]
[BlackElo "1945"]

1.e4 c5 2.Nf3 e6 3.d4 cxd4 4.Nxd4 a6 5.Nc3 Qc7 6.Be2 Nc6 7.Be3 b5 8.a3 Bb7
9.f4 d6 10.Nxc6 Bxc6 11.Bf3 Rd8 12.O-O Ne7 13.Qe2 d5 14.Rad1 dxe4 15.Rxd8+ Qxd8
16.Rd1 Qa8 17.Bg4 Nd5 18.Bd2 f5 19.Bh3 Nf6 20.Be3 Be7 21.g4 Qc8 22.Bd4 O-O
23.g5 Nd5 24.Bg2 Nxf4  0-1

[Event "NZL-ch"]
[Site "Wellington"]
[Date "1995.??.??"]
[Round "9"]
[White "Love, Anthony J"]
[Black "Garbett, Paul Anthony"]
[Result "1/2-1/2"]
[WhiteElo "2305"]
[BlackElo "2300"]

1.e4 c5 2.Nc3 e6 3.Nf3 a6 4.d4 cxd4 5.Nxd4 Qc7 6.Bd3 b5 7.O-O Bb7 8.a3 Nf6
9.Qe2 d6 10.Kh1 Be7 11.f4 Nc6 12.Nxc6 Bxc6 13.Bd2 O-O 14.Rae1 e5 15.fxe5 dxe5
16.Bg5 Rae8 17.Bxf6 Bxf6 18.Qg4 Qc8 19.Qg3 Qd8 20.Rd1 Qe7 21.Nd5 Bxd5 22.exd5 e4
23.d6 Qe6 24.d7 Rd8 25.Bxe4 Rxd7 26.Rde1 Qd6 27.Qxd6 Rxd6 28.b3 g6 29.Rd1 Rfd8
30.Rxd6 Rxd6 31.Bd3 Bc3 32.a4 Rd5 33.axb5 axb5 34.g3 Kf8 35.Kg2 Ke7 36.Rf2 Re5  1/2-1/2

[Event "Werfen op"]
[Site "Werfen"]
[Date "1995.??.??"]
[Round "6"]
[White "Kyas, Juergen"]
[Black "Staller, Peter"]
[Result "1/2-1/2"]
[WhiteElo "2245"]
[BlackElo "2375"]

1.e4 c5 2.Nf3 e6 3.d4 cxd4 4.Nxd4 a6 5.Nc3 Qc7 6.g3 Nc6 7.Bg2 Nf6 8.O-O Nxd4
9.Qxd4 Bc5 10.Bf4 d6 11.Qd2 h6 12.Rad1 e5 13.Be3 Ke7 14.Bxc5 Qxc5  1/2-1/2

[Event "Werfen op"]
[Site "Werfen"]
[Date "1995.??.??"]
[Round "7"]
[White "Mittermayr, Gerhard"]
[Black "Hertel, Peter"]
[Result "1/2-1/2"]
[WhiteElo "2210"]
[BlackElo "2315"]

1.e4 c5 2.Nf3 e6 3.d4 cxd4 4.Nxd4 a6 5.Nc3 Qc7 6.Bd3 Nf6 7.f4 d6 8.Qf3 Nbd7
9.Be3 b5 10.O-O-O Bb7 11.g4 Nc5 12.g5 b4 13.gxf6 bxc3 14.fxg7 cxb2+ 15.Kb1 Bxg7
16.Rhg1 Bf6 17.f5 e5 18.Ne6 fxe6 19.fxe6 Nxd3 20.Qxf6 Rf8 21.Qxf8+ Kxf8 22.Rdf1+ Ke8
23.Rg8+ Ke7 24.Rg7+ Kxe6 25.Rxc7 Bxe4 26.Rff7 Nb4 27.Rce7+ Kd5 28.Rc7 Nxc2
29.Rxc2 Rc8 30.Rf2 Rxc2 31.Rxc2 Bxc2+ 32.Kxc2 Ke4 33.Bb6 d5 34.Kxb2 Kd3 35.Kc1 d4
36.Kd1 e4 37.Ke1 e3 38.Ba5 Ke4 39.Bb4 Kf3 40.h4 h5 41.a3 d3 42.Ba5 d2+ 43.Kd1 Kf2
44.Bb6 Kf3 45.Bc5 Kf2  1/2-1/2

[Event "RUS-sf"]
[Site "Yaroslavl"]
[Date "1995.??.??"]
[Round "4"]
[White "Koba, Igor"]
[Black "Skomorokhin, Roman"]
[Result "0-1"]
[WhiteElo "2250"]
[BlackElo "2460"]

1.e4 c5 2.Nf3 e6 3.Nc3 a6 4.d4 cxd4 5.Nxd4 d6 6.g3 Nf6 7.Bg2 Qc7 8.O-O Be7
9.Be3 Nc6 10.Nxc6 bxc6 11.Na4 Rb8 12.c4 O-O 13.b3 c5 14.Nc3 Bb7 15.g4 Bc6
16.g5 Nd7 17.f4 Rfe8 18.Qc2 Bf8 19.Rad1 Qb7 20.Bc1 a5 21.Rd3 a4 22.Nd5 axb3
23.axb3 g6 24.Rh3 Bg7 25.Bb2 Bxb2 26.Qxb2 exd5 27.exd5 Ba4 28.Qf2 Bxb3  0-1

[Event "Zadar op"]
[Site "Zadar"]
[Date "1995.??.??"]
[Round "?"]
[White "Fercec, Nenad"]
[Black "Cvitan, Ognjen"]
[Result "1/2-1/2"]
[WhiteElo "2410"]
[BlackElo "2520"]

1.e4 c5 2.Nf3 e6 3.d4 cxd4 4.Nxd4 a6 5.Nc3 d6 6.Be2 Nf6 7.O-O Be7 8.Be3 Qc7
9.f4 O-O 10.Kh1 b5 11.a3 Bb7 12.Bf3 Nbd7 13.Qe1 Rac8 14.Rd1 Rfe8 15.Qg3 Ba8
16.Bc1 Qb8 17.Rfe1 Rxc3 18.bxc3 Nc5 19.e5 Nfe4 20.Bxe4 Nxe4 21.Rxe4 Bxe4
22.Re1 dxe5 23.fxe5 Qb7 24.Re2 Rc8 25.h4 Bg6 26.Qg4 h5 27.Qg3 Rc4 28.Bg5 Bxa3
29.Rd2 Bc1 30.Rd1 Bxg5 31.Qxg5 Qd5 32.Rd2 Rc8 33.Nf5 Qa8 34.Ne7+ Kh7 35.Nxc8 Qxc8
36.Rd8 Qxc3 37.Ra8 a5 38.Qd8 Qe1+ 39.Kh2 Qxe5+ 40.Kg1 Qe1+ 41.Kh2 Bxc2 42.Rxa5 f6
43.Rxb5 Qxh4+ 44.Kg1 Be4 45.Qd2 Qg4 46.Rb3 Bxg2 47.Rg3 Qxg3 48.Qh6+  1/2-1/2

[Event "Zadar op"]
[Site "Zadar"]
[Date "1995.??.??"]
[Round "?"]
[White "Mohr, Georg"]
[Black "Romanishin, Oleg M"]
[Result "1/2-1/2"]
[WhiteElo "2430"]
[BlackElo "2595"]

1.e4 c5 2.Nf3 e6 3.d4 cxd4 4.Nxd4 a6 5.Nc3 Qc7 6.Bd3 Nc6 7.Be3 Nf6 8.O-O Ne5
9.Be2 Bc5 10.f4 d6 11.Kh1 O-O 12.Qe1 Neg4 13.Bg1 e5 14.fxe5 dxe5 15.Qg3 Bxd4
16.Bxd4 Nh5 17.Qh4 exd4 18.Nd5 Qxh2+ 19.Qxh2 Nxh2 20.Kxh2 Nf6 21.Nxf6+ gxf6  1/2-1/2

[Event "EU-ch U18"]
[Site "Zagan"]
[Date "1995.??.??"]
[Round "6"]
[White "Stocek, Jiri"]
[Black "Protaziuk, Grzegorz"]
[Result "1-0"]
[WhiteElo "2475"]
[BlackElo "2285"]

1.e4 c5 2.Nf3 e6 3.d4 cxd4 4.Nxd4 a6 5.Nc3 Qc7 6.Bd3 b5 7.O-O Bb7 8.Re1 d6
9.a4 b4 10.Nd5 exd5 11.exd5+ Ne7 12.Nf5 Kd8 13.Bg5 f6 14.Nd4 Bxd5 15.Be4 Qb7
16.Bxd5 Qxd5 17.Ne6+ Kc8 18.Qg4 h5 19.Qxb4 Nec6 20.Qc3 fxg5 21.b4 Qf5 22.Rad1 Be7
23.Qc4 Kb7 24.b5 axb5 25.axb5 Rc8 26.bxc6+ Rxc6 27.Rb1+ Ka7 28.Qa4+ Ra6 29.Qd4+ Qc5
30.Nxc5 dxc5 31.Rxe7+  1-0

[Event "EU-ch U18 Girls"]
[Site "Zagan"]
[Date "1995.??.??"]
[Round "7"]
[White "Dworakowska, Joanna"]
[Black "Abishova, Anna"]
[Result "1-0"]
[WhiteElo "2290"]
[BlackElo "2035"]

1.e4 c5 2.Nf3 e6 3.d4 cxd4 4.Nxd4 a6 5.Nc3 Qc7 6.Be2 Nc6 7.O-O b5 8.a3 Bb7
9.Be3 Nf6 10.Nxc6 Bxc6 11.Qd4 d6 12.f4 Be7 13.Bf3 O-O 14.Rae1 Nd7 15.g4 Rad8
16.Qd2 Nb6 17.b3 d5 18.Qf2 Nc8 19.exd5 exd5 20.Qg2 d4 21.Bxc6 dxe3 22.Nb1 Bc5
23.Kh1 Rd6 24.Be4 Re8 25.Bd3 Ne7 26.Nc3 Rd4 27.Rxe3 Rxf4 28.Re2 Rxf1+ 29.Qxf1 Bxa3
30.Qf3 Rd8 31.Ne4 Ng6 32.Ng5 Qf4 33.Qxf4 Nxf4 34.Bxh7+ Kf8 35.Re1 Be7 36.Ne4 Rc8
37.Rf1 Nd5 38.Bg6 f6 39.Re1 Nf4 40.Bf5 Rd8 41.Rf1 Nd5 42.Rf3 Kf7 43.Nf2 b4
44.Bd3 a5 45.Bc4 Kf8 46.Rh3 Ke8 47.Nd3 Nc3 48.Rh8+ Bf8 49.Nf4 Ke7 50.Ng6+  1-0

[Event "EU-ch U18 Girls"]
[Site "Zagan"]
[Date "1995.??.??"]
[Round "10"]
[White "Ciuksyte, Dagne"]
[Black "Medvegy, Nora"]
[Result "1/2-1/2"]
[WhiteElo "2225"]
[BlackElo "2265"]

1.e4 c5 2.Nf3 e6 3.Nc3 a6 4.d4 cxd4 5.Nxd4 Qc7 6.Be2 Nf6 7.Be3 Bb4 8.f3 d5
9.Nb3 dxe4 10.O-O Bd6 11.f4 b5 12.Bxb5+ Nbd7 13.Bxd7+ Bxd7 14.Qe2 O-O 15.Rad1 Bb4
16.Rd4 Bxc3 17.bxc3 Qxc3 18.Rc4 Bb5 19.Rxc3 Bxe2 20.Re1 Bb5 21.Bd4 Nd5 22.Rg3 g6
23.Rxe4 f5 24.Rxe6 Nxf4 25.Re7 Rf7 26.Rge3 Rc8 27.c3 Nd5 28.Rxf7 Kxf7 29.Rh3 h5
30.Rf3 Re8 31.h3 Re1+ 32.Kh2 Re2 33.a3 Ra2 34.Bc5 Rc2 35.Bd4 Ra2 36.Bc5 Rc2
37.Bd4 Nf6 38.Rf2 Rxf2 39.Bxf2 Ne4 40.Bd4 Ke6 41.Nc5+ Kd5 42.Nxe4 Kxe4 43.Kg3 g5  1/2-1/2

[Event "Zalakaros op"]
[Site "Zalakaros"]
[Date "1995.??.??"]
[Round "1"]
[White "Rezsek, Gyozo"]
[Black "Tolnai, Tibor"]
[Result "0-1"]
[WhiteElo "2125"]
[BlackElo "2470"]

1.e4 c5 2.Nf3 e6 3.d4 cxd4 4.Nxd4 a6 5.Nc3 Qc7 6.g3 Nf6 7.Bg2 Be7 8.O-O d6
9.Be3 Nc6 10.h3 Bd7 11.Nde2 b5 12.Qd2 O-O 13.Rad1 Rab8 14.b3 Rfc8 15.Rc1 Be8
16.g4 b4 17.Nb1 Qa5 18.g5 Nd7 19.c4 bxc3 20.Nexc3 Nc5 21.f4 g6 22.h4 Qb4
23.h5 a5 24.hxg6 hxg6 25.Qf2 Nd3 26.Qh4 Nxc1 27.Rxc1 Bf8 28.e5 Ne7 29.Ne4 Rxc1+
30.Bxc1 Bg7 31.Nxd6 Qc5+  0-1

[Event "Zalakaros op"]
[Site "Zalakaros"]
[Date "1995.??.??"]
[Round "6"]
[White "Molnar, Bela"]
[Black "Kustar, Sandor"]
[Result "1-0"]
[WhiteElo "2365"]
[BlackElo "2435"]

1.e4 c5 2.Nf3 e6 3.d4 cxd4 4.Nxd4 a6 5.Nc3 Qc7 6.g3 Nf6 7.Bg2 Nc6 8.O-O d6
9.a4 Bd7 10.Nb3 Ne5 11.a5 Be7 12.f4 Nc4 13.Qe2 O-O 14.Kh1 Rab8 15.g4 b6 16.g5 Ne8
17.axb6 Rxb6 18.Rf3 a5 19.Rh3 g6 20.f5 Rb4 21.Qe1 a4 22.Nd4 Qc5 23.Nde2 Bd8
24.b3 axb3 25.cxb3 Rxb3 26.Ra8 Bb6 27.Qh4 h5 28.gxh6 Rxc3 29.h7+ Kg7  1-0

[Event "Zalakaros op"]
[Site "Zalakaros"]
[Date "1995.??.??"]
[Round "8"]
[White "Parkanyi, Attila"]
[Black "Kustar, Sandor"]
[Result "1-0"]
[WhiteElo "2325"]
[BlackElo "2435"]

1.e4 c5 2.Nf3 e6 3.d4 cxd4 4.Nxd4 a6 5.Nc3 Qc7 6.Be2 Nf6 7.O-O d6 8.f4 Nc6
9.Be3 Be7 10.Kh1 Bd7 11.Qe1 O-O 12.Qg3 Kh8 13.a4 Rab8 14.Rad1 Ne8 15.e5 f6
16.exd6 Nxd6 17.Bd3 Nb4 18.f5 e5 19.Ne6 Bxe6 20.fxe6 Nxd3 21.Rxd3 Rfe8 22.Nd5 Qxc2
23.Ba7 Ne4 24.Qf3 Ng5 25.Qd1 Qxd1 26.Rfxd1 Ra8 27.Nc7 Rxa7 28.Nxe8 Nxe6 29.Rd7 Bf8
30.Nd6 Ra8 31.Rxb7 Kg8 32.Nc4 Rc8 33.Nb6 Rc2 34.Nd7 e4 35.Nxf8 Kxf8 36.g3 Ng5  1-0

[Event "EU-ch U20 Girls"]
[Site "Zanka"]
[Date "1995.??.??"]
[Round "1"]
[White "Segal, Anna"]
[Black "Bradianu, Ileana"]
[Result "1-0"]
[WhiteElo "2245"]
[BlackElo "2055"]

1.e4 c5 2.Nf3 e6 3.Nc3 a6 4.d4 cxd4 5.Nxd4 Qc7 6.Be2 Nf6 7.O-O Be7 8.f4 d6
9.Be3 Nc6 10.Kh1 Bd7 11.Qe1 O-O 12.Qg3 Rfe8 13.e5 dxe5 14.fxe5 Nxe5 15.Bh6 g6
16.Bf4 Bd6 17.Rae1 Nd5 18.Nf5 Nxf4 19.Nxd6 Nxe2 20.Qxe5 f5 21.Nxe2 Bb5 22.c4  1-0

[Event "EU-ch U20 Girls"]
[Site "Zanka"]
[Date "1995.??.??"]
[Round "3"]
[White "Weng, Annegret"]
[Black "Bradianu, Ileana"]
[Result "0-1"]
[WhiteElo "2125"]
[BlackElo "2055"]

1.e4 c5 2.Nf3 e6 3.d4 cxd4 4.Nxd4 a6 5.Nc3 Qc7 6.Bd3 Nf6 7.f4 d6 8.Qf3 Nc6
9.Nde2 b5 10.g4 Bb7 11.g5 Nd7 12.a3 Be7 13.Be3 Na5 14.b3 O-O 15.Qh3 Nc5 16.Bxc5 dxc5
17.e5 g6 18.Ng3 Bxg5 19.O-O Be7 20.Rae1 c4 21.Be4 cxb3 22.Rf3 f5 23.exf6 Qb6+
24.Kg2 Bxf6 25.Bxb7 Bxc3 26.Rxc3 Qxb7+ 27.Kg1 Qb6+ 28.Kh1 b2 29.Rce3 b1=Q  0-1

[Event "EU-ch U20 Girls"]
[Site "Zanka"]
[Date "1995.??.??"]
[Round "5"]
[White "Hagarova, Zuzana"]
[Black "Medvegy, Nora"]
[Result "1-0"]
[WhiteElo "2230"]
[BlackElo "2235"]

1.e4 c5 2.Nf3 e6 3.d4 cxd4 4.Nxd4 a6 5.Nc3 Qc7 6.Be2 Nf6 7.O-O Bb4 8.Bf3 Nc6
9.g3 O-O 10.a3 Be7 11.Bg2 d6 12.Kh1 Bd7 13.f4 Rac8 14.Be3 Na5 15.g4 Nc4 16.Bc1 Qb6
17.g5 Ne8 18.Rf3 g6 19.b3 Na5 20.f5 Nc6 21.Nxc6 Rxc6 22.fxe6 fxe6 23.Bb2 Rc8
24.Rxf8+ Bxf8 25.Qf3 Qd8 26.Rf1 Qe7 27.h4 Bg7 28.Bh3 Be5 29.Nd5 exd5 30.Bxd7 Rc7
31.Be6+ Kg7 32.Bxe5+ dxe5 33.Bxd5 b5 34.c4 Qxa3 35.h5 h6 36.gxh6+ Kxh6 37.hxg6 Qe7
38.Qh3+ Kg5 39.Rg1+  1-0

[Event "EU-ch U20 Girls"]
[Site "Zanka"]
[Date "1995.??.??"]
[Round "9"]
[White "Segal, Anna"]
[Black "Khurtsidze, Nino"]
[Result "0-1"]
[WhiteElo "2245"]
[BlackElo "2300"]

1.e4 c5 2.Nf3 e6 3.Nc3 a6 4.d4 cxd4 5.Nxd4 Qc7 6.Bd3 Nf6 7.O-O b5 8.a3 Bb7
9.Be3 Be7 10.f4 d6 11.Kh1 O-O 12.Rf3 Nbd7 13.Rh3 Rfe8 14.Qe2 g6 15.Nf3 Bf8
16.Bd4 e5 17.fxe5 dxe5 18.Be3 Nc5 19.Ng5 h6 20.Rf1 Bg7 21.Rxh6 Bxh6 22.Rxf6 Bxg5
23.Bxg5 Ne6 24.Be3 Qe7 25.Rf1 Rad8 26.Qg4 Kg7 27.Ne2 Bc8 28.Ng3 Nf4 29.Nf5+ Bxf5
30.exf5 g5 31.h3 f6 32.Be4 Rh8 33.Qf3 Rh4 34.Bf2 Rh7 35.Kg1 Rdh8 36.Qg4 Qc7
37.b4 Qc4 38.Qf3 Rxh3 39.gxh3 Rxh3  0-1

[Event "Zuerich op"]
[Site "Zuerich"]
[Date "1995.??.??"]
[Round "2"]
[White "Schumi, Manfred"]
[Black "Ilijin, Neboisa"]
[Result "1/2-1/2"]
[WhiteElo "2220"]
[BlackElo "2320"]

1.e4 c5 2.Nf3 e6 3.d4 cxd4 4.Nxd4 a6 5.Nc3 b5 6.Bd3 Bb7 7.O-O Nc6 8.Nxc6 Bxc6
9.Re1 Nf6 10.Qf3 Be7 11.Bg5 O-O 12.Rad1 b4 13.Ne2 Qa5 14.Bc1 d6 15.Nd4 Bb7
16.Qh3 Qh5 17.Qxh5 Nxh5 18.Bd2 d5 19.exd5 Bxd5 20.c4 bxc3 21.Bxc3 Nf4 22.Bf1 Bf6
23.g3 Ng6 24.Bg2 Bxg2 25.Kxg2 Rfc8 26.Ne2 Rab8 27.Rd2 Ne5 28.b3 Ng4 29.Rc1 Bg5
30.f4 Be7 31.Bd4 Rxc1 32.Nxc1 Rc8 33.Ne2 Bb4 34.Bc3 Bxc3 35.Nxc3 h5 36.Ne4 Ne3+
37.Kf2 Nd5 38.Nd6 Rc1 39.f5 Rc6 40.Ne4 exf5 41.Rxd5 fxe4 42.Rxh5 Rc2+ 43.Ke3 Rxa2
44.Kxe4 Ra3 45.Rc5 Rxb3 46.Rc8+ Kh7 47.Kf4 a5 48.Ra8 Rb4+ 49.Kf3 Ra4 50.h4 f6
51.Ra7 Kh6 52.Kg2 g6 53.Ra6 f5 54.Ra8 Ra1 55.Kh2 a4 56.Kg2 a3 57.Ra7 Ra2+
58.Kh3 g5 59.hxg5+ Kxg5 60.Ra6 Ra1 61.Kg2 Kh5 62.Rf6 Ra2+ 63.Kf3 Kg5 64.Ra6 Ra1
65.Kg2 a2 66.Ra8 Kg6 67.Ra7 Kf6 68.Ra6+ Ke5 69.Ra5+ Ke4 70.Ra8 Kd5 71.Rd8+ Ke6
72.Ra8 Kf7 73.Ra3 Ke7 74.Ra8 Kd6 75.Rd8+ Ke6  1/2-1/2

[Event "Zuerich op"]
[Site "Zuerich"]
[Date "1995.??.??"]
[Round "4"]
[White "Pytel, Martin"]
[Black "Cvitan, Ognjen"]
[Result "0-1"]
[WhiteElo "2235"]
[BlackElo "2510"]

1.e4 c5 2.Nf3 e6 3.Nc3 a6 4.d4 cxd4 5.Nxd4 d6 6.g3 Nf6 7.Bg2 Qc7 8.O-O Be7
9.Re1 O-O 10.a4 Nc6 11.Nb3 b6 12.f4 Bb7 13.Be3 Rac8 14.Qe2 Rfe8 15.Rad1 Nd7
16.h3 Na5 17.Nd4 g6 18.g4 Nc4 19.Bc1 Bf6 20.Kh1 Bg7 21.Qf1 Nf8 22.Re2 Qc5
23.Nb3 Qb4 24.e5 Bxg2+ 25.Rxg2 dxe5 26.f5 f6 27.g5 Qe7 28.fxg6 f5 29.gxh7+ Nxh7
30.h4 e4 31.Ne2 Ne5 32.Nbd4 Ng4 33.Nf4 Bxd4 34.Rxd4 e5 35.Nd5 Qf7 36.Rd1  0-1

[Event "Zuerich op"]
[Site "Zuerich"]
[Date "1995.??.??"]
[Round "4"]
[White "Fierz, Martin"]
[Black "Ilijin, Neboisa"]
[Result "1-0"]
[WhiteElo "2225"]
[BlackElo "2320"]

1.e4 c5 2.Nf3 e6 3.d4 cxd4 4.Nxd4 a6 5.Nc3 Qc7 6.Be2 b5 7.f4 Bb7 8.Bf3 b4
9.Nce2 Nf6 10.Qd3 d6 11.Bd2 Nbd7 12.Ng3 d5 13.e5 Ne4 14.Bxe4 Nc5 15.Qe3 Nxe4
16.f5 Qxe5 17.fxe6 fxe6 18.O-O Be7 19.Nxe4 dxe4 20.c3 Bf6 21.Qh3 O-O 22.Bf4 Qc5
23.Qxe6+ Kh8 24.Bd6 Qb6 25.Be5 Qxe6 26.Nxe6 Rfe8 27.Bxf6 Rxe6 28.Bd4 Kg8
29.cxb4 e3 30.Rac1 Rd8 31.Bc3 e2 32.Rfe1 Bc6 33.Rc2 Bb5 34.a4 Bd3 35.Rd2 Rd5
36.b5 axb5 37.axb5 Re7 38.h3 Kf7 39.b6 Ke6 40.Rxd3 Rxd3 41.Rxe2+ Kf7 42.Rxe7+ Kxe7
43.b7  1-0

[Event "TUN-SVK"]
[Site "Sousse"]
[Date "1996.08.02"]
[Round "2"]
[White "Doghri, Nabil"]
[Black "Banas, Jan"]
[Result "1-0"]
[WhiteElo "2350"]
[BlackElo "2390"]

1.e4 c5 2.Nf3 e6 3.d4 cxd4 4.Nxd4 a6 5.Nc3 Qc7 6.Be2 Nc6 7.Be3 Nf6 8.O-O Be7
9.f4 d6 10.Kh1 O-O 11.a4 Bd7 12.Qe1 Nxd4 13.Bxd4 Bc6 14.Qg3 g6 15.f5 e5 16.Be3 b5
17.Bh6 Rfb8 18.Rad1 b4 19.Bc4 d5 20.fxg6 hxg6 21.exd5 Be8 22.b3 Nh5 23.Qg4 Kh7
24.d6 Bxd6 25.Nd5 Qb7 26.Nf6+ Nxf6 27.Rxf6 Kxh6 28.Rdxd6 Rd8 29.Bxf7  1-0

[Event "Aberdeen op"]
[Site "Aberdeen"]
[Date "1996.??.??"]
[Round "5"]
[White "Findlay, David John"]
[Black "Kouwenhoven, Marisca"]
[Result "1-0"]
[WhiteElo "2240"]
[BlackElo "2120"]

1.e4 c5 2.Nf3 e6 3.d4 cxd4 4.Nxd4 a6 5.Nc3 b5 6.Bd3 Bb7 7.O-O d6 8.f4 Qc7
9.Kh1 Nf6 10.Qe2 Nbd7 11.Bd2 g6 12.e5 dxe5 13.fxe5 Nd5 14.Rae1 Bg7 15.Ndxb5 axb5
16.Nxb5 Qxe5 17.Qf2 Qf6 18.Nd6+ Ke7 19.Qg3 Qxf1+ 20.Bxf1 Be5 21.Rxe5 Nxe5
22.Nxb7 f6 23.Na5 Rhb8 24.c4 Nb6 25.Qa3+ Kf7 26.Qd6 Nbd7 27.Bb4 Rb6 28.Qe7+ Kg8
29.a3  1-0

[Event "Donner mem op"]
[Site "Amsterdam"]
[Date "1996.??.??"]
[Round "2"]
[White "Vedder, Henk"]
[Black "Miezis, Normunds"]
[Result "0-1"]
[WhiteElo "2355"]
[BlackElo "2530"]

1.e4 c5 2.Nf3 e6 3.Nc3 a6 4.d4 cxd4 5.Nxd4 Qc7 6.Bd3 Nc6 7.Nb3 Bd6 8.Qg4 Be5
9.f4 Nf6 10.Qf3 Nd4 11.Nxd4 Bxd4 12.Ne2 Bc5 13.e5 Nd5 14.Be4 d6 15.exd6 Qxd6
16.Bxd5 Qxd5 17.Qxd5 exd5 18.Bd2 O-O 19.O-O-O Re8 20.Nc3 d4 21.Nd5 Rd8 22.Nb4 Bf5
23.Nd3 Rac8 24.Kb1 h5 25.Rde1 Bd6 26.Ba5 Rd7 27.g3 f6 28.Re2 Bf8 29.Rhe1 Kf7
30.a3 Rd6 31.Rd2 Rdc6 32.Red1 Bd6 33.Ne1 Bc5 34.Nd3 Ba7 35.Bb4 Bb6 36.a4 Bd8
37.a5 Rc4 38.c3 dxc3 39.Bxc3 Rxc3 40.bxc3 Bxa5 41.Ka2 Bxc3 42.Rc2 b5 43.Rdc1 Bxd3
44.Rxc3 Bc4+ 45.Kb2 a5 46.Re3 Rd8 47.Rce1 Rd2+ 48.Kc3 Rxh2 49.Re7+ Kg6 50.Kd4 Rd2+
51.Ke4 f5+ 52.Ke3 Rg2  0-1

[Event "Donner mem op"]
[Site "Amsterdam"]
[Date "1996.??.??"]
[Round "11"]
[White "David, Alberto"]
[Black "Lobron, Eric"]
[Result "1-0"]
[WhiteElo "2435"]
[BlackElo "2585"]

1.e4 c5 2.Nf3 e6 3.d4 cxd4 4.Nxd4 a6 5.Nc3 b5 6.Bd3 Bb7 7.O-O d6 8.Re1 Nf6
9.a4 b4 10.Nd5 exd5 11.exd5+ Kd7 12.c4 g6 13.a5 Bg7 14.Bf4 Kc8 15.Rc1 Nh5
16.c5 Qf6 17.cxd6+ Kd8 18.Qc2  1-0

[Event "Ano Liosia op"]
[Site "Ano Liosia"]
[Date "1996.??.??"]
[Round "6"]
[White "Cela, Altin"]
[Black "Kalesis, Nikolaos"]
[Result "1/2-1/2"]
[WhiteElo "2415"]
[BlackElo "2355"]

1.e4 c5 2.Nf3 e6 3.d4 cxd4 4.Nxd4 a6 5.Nc3 d6 6.Bc4 Nf6 7.Bb3 Be7 8.Be3 O-O
9.g4 d5 10.g5 Nxe4 11.Nxe4 dxe4 12.Qg4 Nc6 13.O-O-O Qa5 14.Nxc6 bxc6 15.Rhg1 Qf5
16.Qxf5 exf5 17.g6 Be6 18.Bd4 hxg6 19.Bxe6 fxe6 20.Rxg6 Bf6 21.Bxf6 Rxf6
22.Rxf6 gxf6 23.Rd7 Kh8 24.Kd2 f4 25.Ke2 Rg8 26.Rd6 Rg2 27.Kf1 f3 28.Rxe6 Rxh2
29.Kg1 Rg2+ 30.Kf1 Rh2 31.Kg1 Rg2+ 32.Kf1 Rh2 33.Kg1  1/2-1/2

[Event "Donau op 5th"]
[Site "Aschach"]
[Date "1996.??.??"]
[Round "3"]
[White "Brandstaetter, Friedrich"]
[Black "Weiss, Christian"]
[Result "0-1"]
[WhiteElo "2105"]
[BlackElo "2290"]

1.e4 c5 2.Nf3 e6 3.d4 cxd4 4.Nxd4 a6 5.Nc3 Qc7 6.g3 Nf6 7.Bg2 Nc6 8.O-O Nxd4
9.Qxd4 Bc5 10.Bf4 d6 11.Qd3 h6 12.Rad1 e5 13.Be3 Be6 14.Bxc5 dxc5 15.Nd5 Bxd5
16.exd5 Qd6 17.f4 exf4 18.Rde1+ Kd8 19.Rxf4 Re8 20.Rff1 Kc7 21.a3 Rxe1 22.Rxe1 Re8
23.Rd1 Kb8 24.c4 Re7 25.Qc3 Ne8 26.b4 f6 27.Qb3 Qb6 28.Rc1 Nd6 29.Qf3 a5
30.b5 Qd8 31.Qd3 b6 32.Bf3 Qe8 33.Kf2 f5 34.Rc2 Kc7 35.Re2 Rxe2+ 36.Bxe2 Kd8
37.Qf3 g5 38.Qd3 Qe5 39.Bf1 Ke7 40.Be2 Kf6 41.Bf1 Qb2+ 42.Be2 Ke5 43.Kg2 Qd4
44.Qb3 Ne4 45.Qf3 Qd2 46.Qf1 Qa2 47.Qf3 Qb2 48.Qd3 Qd4 49.Qf3 Qd2 50.Qf1 Nc3
51.Kf2 Kd4 52.d6 Ne4+ 53.Kg2 Ke5 54.Qa1+ Kxd6  0-1